[Event "Irish Championship 2020"]
[Site "Dublin"]
[Date "2020.08.02"]
[Round "1.1"]
[White "Kanyamarala, Tarun"]
[Black "McHugh, Kevin"]
[Result "1-0"]
[WhiteElo "2381"]
[BlackElo "2010"]
[Annotator "TA"]
[PlyCount "53"]
[EventDate "2020.08.01"]
[EventType "swiss"]
[EventCountry "IRL"]
[SourceTitle "playchess.com"]
[Source "ChessBase"]
[SourceQuality "1"]

{[%evp 17,53,1,12,14,25,16,18,14,40,18,13,-54,-35,-25,-5,-24,-12,-11,14,0,0,-5,58,71,147,135,132,131,167,166,164,174,175,151,206,214,211,214]} 1. e4 e6 2. d4 d5 3. Nc3 Nf6 4. e5 Nfd7 5. f4 c5 6. Nf3 Nc6 7. Be3 a6 8. Qd2 b5 9. Be2 b4 {White must now prevent ...cxd4.} 10. Nd1 {C11: French: Classical System: 4 e5 and 4 Bg5 dxe4.} cxd4 (10... c4 {seems wilder.} 11. Bf2 Be7 12. O-O Nb6 13. Ne3 O-O) 11. Nxd4 Nxd4 12. Bxd4 {The position is equal.} a5 {[#]} 13. Ne3 $146 ({Predecessor:} 13. O-O Bc5 14. Bxc5 Nxc5 15. a3 Qb6 16. Kh1 Ne4 17. Qe3 Qxe3 18. Nxe3 b3 19. Rac1 bxc2 20. Rxc2 {0-1 (42) Albrecht,H (2245)-Wichmann,C (2230) Germany 1998}) 13... Bc5 14. O-O-O ({Better is} 14. Bxc5 $11 Nxc5 15. Qd4) 14... Bxd4 15. Qxd4 Qb6 16. h4 Qxd4 17. Rxd4 h5 18. Kd2 Ba6 19. Bf3 Nb6 (19... Nb8 $11) 20. Ra1 $14 Bc8 (20... f6 $142) 21. a3 $16 {White is clearly better.} bxa3 22. Rxa3 Ra6 23. Be2 Ra8 {[#]} 24. Rb3 $1 $36 {[%cal Rb3b6][%mdl 2048] Black is under strong pressure.} Nd7 25. Rb5 a4 {[#]} (25... Ke7 $16 {keeps fighting.}) 26. c4 $1 $18 Ba6 27. Ra5 {Accuracy: White = 89%, Black = 61%.} ({But not} 27. cxd5 $6 Bxb5 28. Bxb5 Ra7 $14) 1-0

[Event "Irish Championship 2020"]
[Site "Dublin"]
[Date "2020.08.02"]
[Round "1.2"]
[White "Carroll, Peter"]
[Black "O'Gorman, Tom"]
[Result "0-1"]
[WhiteElo "2009"]
[BlackElo "2345"]
[Annotator "TA"]
[PlyCount "25"]
[EventDate "2020.08.01"]
[EventType "swiss"]
[EventCountry "IRL"]
[SourceTitle "playchess.com"]
[Source "ChessBase"]
[SourceQuality "1"]

{[%evp 9,25,23,29,8,22,18,18,0,20,24,45,14,28,15,33,-8,0,-6]} 1. e4 c5 2. Nf3 d6 3. d4 cxd4 4. Nxd4 Nf6 5. Nc3 a6 6. h4 {B90: Sicilian Najdorf: Unusual White 6th moves, 6 Be3 Ng4 and 6 Be3 e5.} e5 7. Nb3 Be6 8. f4 exf4 9. Bxf4 Be7 {[#]} 10. Nd4 $146 ({Predecessor:} 10. Qd2 Nc6 11. O-O-O Ne5 12. h5 Rc8 13. Qe1 Qc7 14. Nd4 b5 15. a3 O-O 16. Nf5 Bxf5 17. exf5 {0-1 (45) Gantner,M (2324)-Germanavicius,S (2326) Antalya 2017}) 10... O-O 11. Nxe6 fxe6 12. Bc4 Qc8 13. Bb3 {[%mdl 32768] Not much happened in this game. Loss on time!?} 0-1

[Event "Irish Championship 2020"]
[Site "Dublin"]
[Date "2020.08.02"]
[Round "1.3"]
[White "Fitzsimons, David"]
[Black "Melaugh, Gavin"]
[Result "1-0"]
[WhiteElo "2334"]
[BlackElo "2003"]
[Annotator "TA"]
[PlyCount "37"]
[EventDate "2020.08.01"]
[EventType "swiss"]
[EventCountry "IRL"]
[SourceTitle "playchess.com"]
[Source "ChessBase"]
[SourceQuality "1"]

{[%evp 16,37,64,56,59,58,60,56,79,73,86,79,89,88,82,85,95,97,93,89,101,103,105,72]} 1. d4 Nf6 2. Nf3 e6 3. g3 b6 4. Bg2 Bb7 5. O-O Be7 6. c4 O-O 7. Nc3 d6 8. d5 e5 9. e4 Nbd7 {E18: Queen's Indian: Old Main Line (4 g3 Bb7 5 Bg2 Be7 6 0-0 0-0 7 Nc3).} 10. Ne1 Re8 11. Be3 Bf8 {White is slightly better.} 12. b4 {White is better.} a5 13. a3 {[%cal Ba2a3,Ba3b4][%mdl 32] [#]} axb4 $146 ({Predecessor:} 13... Ba6 14. Qe2 axb4 15. axb4 Qc8 16. Nc2 g6 17. Ra3 Bb7 18. Rxa8 Qxa8 19. Ra1 Qb8 {1-0 (45) Turqueza,M (2269)-Benham,H (1975) Hong Kong 2014}) 14. axb4 Rxa1 15. Qxa1 Ng4 16. Bd2 g6 17. Qc1 Bg7 18. f3 Ngf6 19. Nd3 {White did not feel at home in the position after the opening. Accuracy: White = 88%, Black = 100%.} 1-0

[Event "Irish Championship 2020"]
[Site "Dublin"]
[Date "2020.08.02"]
[Round "1.4"]
[White "Byrne, Alex"]
[Black "Delaney, Killian"]
[Result "1-0"]
[WhiteElo "1976"]
[BlackElo "2314"]
[Annotator "TA"]
[PlyCount "26"]
[EventDate "2020.08.01"]
[EventType "swiss"]
[EventCountry "IRL"]
[SourceTitle "playchess.com"]
[Source "ChessBase"]
[SourceQuality "1"]

{[%evp 9,26,0,0,-4,0,-4,0,0,0,-45,-33,-37,20,9,18,31,52,39,99]} 1. e4 c5 2. a3 g6 3. b4 Bg7 4. Nc3 b6 5. Rb1 Nc6 6. g3 {B20: Sicilian: Unusual White 2nd moves.} e6 7. Bg2 Nge7 {[#]} 8. bxc5 $146 {The position is equal.} ({Predecessor:} 8. Nf3 O-O 9. O-O d6 10. Ne2 e5 11. d3 h6 12. c3 Bg4 13. h3 Be6 14. d4 {½-½ (28) Nikanova,E (2102)-Sorkovsky,M (2139) Bratislava 2019}) 8... bxc5 9. a4 O-O 10. Nge2 d5 (10... a6 $15) 11. exd5 $1 $11 exd5 12. Ba3 d4 13. Ne4 c4 (13... Ne5 $14) 1-0

[Event "Irish Championship 2020"]
[Site "Dublin"]
[Date "2020.08.02"]
[Round "1.5"]
[White "O'Donnell, Conor"]
[Black "Cafolla, Peter"]
[Result "1-0"]
[WhiteElo "2304"]
[BlackElo "1955"]
[Annotator "TA"]
[PlyCount "27"]
[EventDate "2020.08.01"]
[EventType "swiss"]
[EventCountry "IRL"]
[SourceTitle "playchess.com"]
[Source "ChessBase"]
[SourceQuality "1"]

{[%evp 16,27,38,49,72,69,57,76,82,20,96,97,102,103]} 1. d4 d5 2. c4 Nc6 3. Nf3 Bg4 4. cxd5 Bxf3 5. gxf3 Qxd5 6. e3 e5 7. Nc3 Bb4 8. Bd2 Bxc3 9. bxc3 {[%cal Bb2c3,Bc3c4][%mdl 32]} Nge7 {D07: Queen's Gambit: Chigorin Defence.} 10. c4 Qd6 11. d5 Nb8 12. Qb3 {[#]} ({White should play} 12. Rb1 $16) 12... b6 $146 {[#]} (12... O-O $11 {remains equal.}) ({Predecessor:} 12... O-O 13. Qxb7 Na6 14. Qb3 Rab8 15. Qd1 c6 16. e4 f5 17. Bg2 Ng6 18. Rb1 Nh4 {0-1 (24) Pecot,L (2229)-Renet,O (2510) France 2000}) 13. Bb4 $1 $16 {[%cal Rb4d6]} Qd7 14. h4 1-0

[Event "Irish Championship 2020"]
[Site "Dublin"]
[Date "2020.08.02"]
[Round "1.6"]
[White "Casey, Eoghan"]
[Black "Brady, Stephen"]
[Result "1-0"]
[WhiteElo "1954"]
[BlackElo "2290"]
[Annotator "TA"]
[PlyCount "53"]
[EventDate "2020.08.01"]
[EventType "swiss"]
[EventCountry "IRL"]
[SourceTitle "playchess.com"]
[Source "ChessBase"]
[SourceQuality "1"]

{[%evp 15,53,79,85,89,85,82,80,85,115,79,186,161,170,180,176,176,177,173,975,1007,975,979,1431,1430,29986,29987,29987,29988,29991,810,1320,1310,1626,621,609,599,928,727,29990,29991]} 1. d4 Nf6 2. Bf4 g6 3. Nc3 Bg7 4. e4 d6 5. Qd2 O-O 6. O-O-O c6 7. f3 b5 8. Bh6 Qa5 9. h4 {B07: Pirc Defence: Miscellaneous Systems.} b4 10. Nb1 Nbd7 11. h5 {White is better.} Nxh5 12. g4 Nhf6 (12... Ng3 $16 13. Bxg7 Nxh1 14. Bxf8 Nxf8) 13. Bxg7 $18 Kxg7 14. Qh6+ $1 Kh8 {[#]} 15. e5 $146 {[%cal Re5f6][%mdl 512]} ({Predecessor:} 15. Bc4 e6 16. f4 Rg8 17. e5 d5 18. exf6 Nxf6 19. g5 Nh5 20. Be2 Ba6 21. Bxh5 gxh5 22. Qxh5 {1-0 (35) Postler,R (2245)-Tympel,U (1976) Undeloh 2004}) 15... dxe5 {White must now prevent ...Rg8.} 16. g5 $1 $40 {[%cal Rg5f6][%mdl 128] White is out for blood.} Nh5 $2 {[#]} (16... Rg8) 17. Rxh5 $1 gxh5 18. Bd3 {[%csl Gd3][%cal Rh6h7]} e4 19. Bxe4 {[%csl Ge4][%cal Rh6h7][%mdl 64] Double Attack} f5 20. g6 {[%csl Gg6][%cal Rh6h7]} ({Not} 20. gxf6 Rf7 $16) 20... Rf7 21. gxf7 Bb7 22. Bxc6 (22. Nh3 $142 Qd8 23. Ng5 Nf8 {[#]} 24. Nxh7 $1 {[%mdl 576] Promotion} Nxh7 25. Bxf5 Qg8 26. fxg8=N Kxg8 27. Bxh7+ Kh8 28. Bf5+ Kg8 29. Be6#) 22... Qb6 23. d5 Nf8 24. Qxh5 Bxc6 25. dxc6 Qc5 26. c7 Rc8 {[#]} 27. Qg5 $1 {White took control after the opening. Accuracy: White = 74%, Black = 30%.} 1-0

[Event "Irish Championship 2020"]
[Site "Dublin"]
[Date "2020.08.02"]
[Round "1.7"]
[White "Daly, Colm"]
[Black "Venkatesan, Kavin"]
[Result "1-0"]
[WhiteElo "2248"]
[BlackElo "1946"]
[Annotator "TA"]
[PlyCount "29"]
[EventDate "2020.08.01"]
[EventType "swiss"]
[EventCountry "IRL"]
[SourceTitle "playchess.com"]
[Source "ChessBase"]
[SourceQuality "1"]

{[%evp 16,29,30,25,44,25,32,23,48,28,41,-6,108,78,93,-50]} 1. e4 c5 2. Nf3 d6 3. d4 cxd4 4. Nxd4 Nf6 5. Nc3 a6 6. Bg5 Nbd7 7. f4 Qc7 8. Qe2 e6 9. O-O-O Be7 {B96: Sicilian Najdorf: 6 Bg5 e6 7 f4, lines other than 7...Qb6 and 7...Be7.} 10. g4 b5 11. a3 Bb7 12. Bg2 h6 13. Bxf6 (13. Bh4 $5 {[%cal Re4e5]}) 13... gxf6 (13... Bxf6 $11 {remains equal.} 14. h4 Qb6) 14. Rhe1 {[#]} Nb6 $146 ({Predecessor:} 14... O-O-O 15. f5 Nc5 16. fxe6 fxe6 17. b4 Nb3+ 18. cxb3 Qxc3+ 19. Kb1 Kb8 20. Rd3 Qc8 {1-0 (36) Le Ruyet,L (2255)-Lebreton,F (2073) Sautron 2011}) 15. Nd5 {[%mdl 32768] Loss on time!?} (15. Rd3 $16) 1-0

[Event "Irish Championship 2020"]
[Site "Dublin"]
[Date "2020.08.02"]
[Round "1.8"]
[White "Lyons, Brendan"]
[Black "Kanyamarala, Trisha"]
[Result "0-1"]
[WhiteElo "1941"]
[BlackElo "2193"]
[Annotator "TA"]
[PlyCount "36"]
[EventDate "2020.08.01"]
[EventType "swiss"]
[EventCountry "IRL"]
[SourceTitle "playchess.com"]
[Source "ChessBase"]
[SourceQuality "1"]

{[%evp 15,36,20,41,46,47,16,27,-2,47,49,53,15,0,0,0,0,0,0,-9,-24,-15,-27,-36]} 1. e4 c5 2. Nc3 Nc6 3. Bb5 Nd4 4. Nf3 a6 5. Bd3 Nc6 6. Be2 Nf6 7. d4 cxd4 8. Nxd4 d6 9. Nxc6 {B92: Sicilian Najdorf: 6 Be2.} bxc6 10. Be3 e5 11. Qd2 {[#] White has an edge.} Ng4 $146 ({Predecessor:} 11... d5 12. exd5 cxd5 13. Bg5 d4 14. Nd1 Bb7 15. f3 Bc5 16. Bd3 O-O 17. O-O Qd6 18. Kh1 Rac8 19. Nf2 Bb4 {0-1 (30) Kirpichev,A-Belitzky,D (2004) Kstovo 2015}) 12. Bg5 Qb6 13. Bxg4 Bxg4 14. Be3 Qa5 ({Don't blunder} 14... Qxb2 $2 15. Rb1 $18) 15. f4 Be7 16. f5 f6 17. Qf2 {[#] Hoping for Qh4.} Bh5 18. O-O Bf7 {Accuracy: White = 70%, Black = 90%.} 0-1

[Event "Irish Championship 2020"]
[Site "Dublin"]
[Date "2020.08.02"]
[Round "1.9"]
[White "Wallace, John Paul"]
[Black "Mirza, Diana"]
[Result "1-0"]
[WhiteElo "2346"]
[BlackElo "1939"]
[Annotator "TA"]
[PlyCount "117"]
[EventDate "2020.08.01"]
[EventType "swiss"]
[EventCountry "IRL"]
[SourceTitle "playchess.com"]
[Source "ChessBase"]
[SourceQuality "1"]

{[%evp 12,117,42,40,36,34,30,19,18,28,30,16,55,56,53,30,33,11,57,36,30,7,27,20,51,-26,110,49,53,54,54,45,62,0,39,36,69,69,83,84,87,83,108,75,104,103,102,87,95,89,143,143,146,150,161,153,163,163,181,181,181,120,163,127,177,162,175,181,211,183,331,279,471,452,531,526,6379,4134,29960,29961,29976,29977,29977,29978,29971,29972,29983,29982,29978,29975,29987,29988,29988,29989,29992,29993,29994,29993,29995,29995,29998,29997,29997,29998,29998,29995,29996,5114]} 1. e4 c5 2. Nf3 e6 3. d4 cxd4 4. Nxd4 a6 5. Bd3 Nf6 6. O-O Qc7 7. Qe2 d5 {B42: Sicilian: Kan Variation: 5 Bd3.} 8. e5 Nfd7 9. Bf4 {[#]} Nc6 $146 {The position is equal.} ({Predecessor:} 9... Nc5 10. Nd2 Nbd7 11. Rac1 b5 12. N2b3 Bb7 13. Bg3 Be7 14. f4 O-O 15. f5 Bg5 16. Rce1 Qb6 17. Bf2 Bh4 18. Bxh4 Nxb3 19. cxb3 Qxd4+ 20. Bf2 Qb4 21. fxe6 {1-0 (21) Gombkoetoe,O-Boza,I Hungary 1992}) 10. Nxc6 bxc6 11. c4 g6 12. Nd2 Bg7 {[%cal Rg7e5]} 13. Nf3 $36 {[%mdl 2048] Black is under pressure.} O-O 14. Rac1 Qb8 15. cxd5 cxd5 16. Rc2 Bb7 17. Rfc1 Nb6 18. Qe3 (18. a3 $14) 18... Nc4 (18... d4 $1 $11 {remains equal.} 19. Qxd4 Bxf3 20. gxf3 Nd5) 19. Bxc4 (19. Qd4 $16) 19... dxc4 $14 20. Nd2 Bd5 21. Qe2 Qb7 22. f3 (22. g3 $1 $14) 22... Qb5 23. Nxc4 Bxc4 24. Rxc4 Rac8 25. b3 Rxc4 26. Rxc4 h5 27. Rc2 Qxe2 28. Rxe2 $16 {[%mdl 4096] Endgame KRB-KRB} Rc8 29. Re4 Rc5 30. Ra4 Rc6 ({Black should try} 30... Bxe5 31. Bxe5 Rxe5) 31. Kf2 g5 32. Bxg5 Bxe5 33. Rc4 Rd6 34. h3 Kg7 35. Ke2 Rd5 36. Bf4 ({White should play} 36. Bd2 $18) 36... Kf6 37. Ke3 Ra5 38. a4 Bxf4+ 39. Rxf4+ $18 {KR-KR} Kg6 40. Rb4 e5 (40... Kf6 $142 41. Rb6 h4) 41. Rb6+ f6 $2 (41... Kg5 {was called for.} 42. g4 hxg4) 42. Ke4 h4 43. Rd6 Kg5 {[#] and the idea ...f5+ leaves Black hopeful.} 44. f4+ $1 {[%mdl 512]} exf4 {[#]} 45. Rd5+ $1 {White mates.} Rxd5 46. Kxd5 {KP-KP} f3 47. gxf3 Kf4 {[#]} 48. b4 $1 {[%cal Rb4b5]} Kxf3 49. b5 axb5 50. axb5 {KPP-KPP} Kg3 51. b6 Kxh3 {KPP-KP} 52. b7 Kh2 53. b8=Q+ Kg2 54. Qb2+ Kh1 55. Qxf6 h3 56. Qf1+ Kh2 57. Qf2+ Kh1 58. Qf3+ Kh2 59. Qg4 {Accuracy: White = 81%, Black = 50%.} (59. Kd4 $142 Kg1 60. Qg3+ Kh1 61. Qf2 h2 62. Qf1#) 1-0

[Event "Irish Championship 2020"]
[Site "Dublin"]
[Date "2020.08.02"]
[Round "1.10"]
[White "MacElligott, Gerard"]
[Black "Collins, Sam E."]
[Result "0-1"]
[WhiteElo "2020"]
[BlackElo "2459"]
[Annotator "TA"]
[PlyCount "42"]
[EventDate "2020.08.01"]
[EventType "swiss"]
[EventCountry "IRL"]
[SourceTitle "playchess.com"]
[Source "ChessBase"]
[SourceQuality "1"]

{[%evp 15,42,0,0,0,0,0,0,-14,0,0,0,0,10,-1,-15,-26,0,-218,-46,-58,-53,-285,-166,-454,-438,-459,-435,-445,-429]} 1. d4 d5 2. Bf4 Nf6 3. e3 e6 4. Nd2 Bd6 5. Bg3 O-O 6. Bd3 c5 7. c3 Qc7 8. Ngf3 Nbd7 9. Bxd6 {D02: 1 d4 d5 2 Nf3 sidelines, including 2...Nf6 3 g3 and 2...Nf6 3 Bf4.} Qxd6 10. O-O e5 11. e4 {The position is equal.} cxd4 12. cxd4 exd4 {[#]} 13. exd5 $146 ({Predecessor:} 13. Re1 Nc5 14. e5 Qb6 15. Qc2 Nxd3 16. Qxd3 Ne4 17. Nxe4 Bf5 18. Qxd4 Bxe4 19. Qxb6 axb6 {1-0 (54) Rambaldi,F (2544)-Studer,N (2462) Biel 2016}) 13... Nxd5 14. Nc4 Qf6 15. Nxd4 Nf4 16. Re1 $2 (16. Ne2 $1 $11 {and White is okay.}) 16... Nc5 $2 (16... Rd8 $1 $19 {aiming for ...h6.} 17. Ne2 Nxg2 $1 {[%mdl 512]} 18. Kxg2 Nc5) 17. Bf1 $1 $15 Rd8 $36 {[%mdl 2048] Strongly threatening ...Nce6. Black has good play.} 18. Nb3 $2 {[#] This move loses the game for White.} ({White should play} 18. Qc2 $1 $15) 18... Be6 (18... Nxg2 $142 $1 {Threatens to win with ...Bh3.} 19. Bxg2 Rxd1 20. Raxd1 Ne6) 19. Nxc5 $2 (19. Qc2 Ncd3 20. Re3) 19... Rxd1 $19 {Black is clearly winning.} 20. Raxd1 Bxc4 21. Bxc4 {[#]} Qg5 $1 {[%mdl 64] Double Attack. Accuracy: White = 52%, Black = 59%.} 0-1

[Event "Irish Championship 2020"]
[Site "Dublin"]
[Date "2020.08.02"]
[Round "1.11"]
[White "Peoples, Jonathon"]
[Black "Melaugh, Shane"]
[Result "0-1"]
[WhiteElo "1932"]
[BlackElo "2161"]
[Annotator "TA"]
[PlyCount "62"]
[EventDate "2020.08.01"]
[EventType "swiss"]
[EventCountry "IRL"]
[SourceTitle "playchess.com"]
[Source "ChessBase"]
[SourceQuality "1"]

{[%evp 12,62,6,3,20,0,0,0,0,-7,0,-58,-48,-150,-29,-44,-29,-36,-34,-32,-32,-45,-19,-19,0,-72,-36,-131,-122,-133,-131,-191,-178,-186,-131,-148,-113,-109,-115,-115,-93,-93,-85,-113,-71,-83,-85,-97,-83,-90,-87,-29997,-29998]} 1. e4 c5 2. Nf3 Nc6 3. Bb5 g6 4. O-O Bg7 5. Re1 e5 6. c3 Nge7 7. d3 d6 {B31: Sicilian: 2...Nc6 3 Bb5 g6.} 8. Be3 O-O 9. a3 h6 {The position is equal.} 10. b4 b6 {[#]} 11. Bxc6 $146 ({Better is} 11. h3 $11) ({Predecessor:} 11. Bc4 Kh7 12. Nbd2 f5 13. Nf1 f4 14. Bc1 g5 15. h3 Rb8 16. Qe2 Ng6 17. Rd1 {0-1 (53) Movsesian,J (2322)-Muzychuk,A (2561) Germany 2017}) 11... Nxc6 $15 12. d4 (12. b5 $15 Ne7 13. c4) 12... cxd4 (12... exd4 $17 13. cxd4 Bg4) 13. cxd4 $11 exd4 14. Nxd4 Qf6 {[%cal Rc6d4]} 15. Nb3 Be6 $36 {[%mdl 2048] And now ...Bxb3 would win. Black has the initiative.} 16. N1d2 d5 17. b5 Ne5 18. Bd4 (18. f4 $1 $11 Nd3 19. e5) 18... Qd8 19. f4 (19. Qb1 $15) 19... Nd3 $1 $17 {[%csl LRe1,LRf4][%mdl 64] [#] Double Attack} 20. Bxg7 Kxg7 21. exd5 (21. Re3 $17 Nxf4 22. Qf1) 21... Qxd5 22. Re4 Qxb5 (22... Rad8 $19 23. Qe2 Qxb5) 23. Nd4 Qd5 {...Bf5 is the strong threat.} 24. Qc2 Nc5 25. Qc3 Kh7 26. Re5 Qd6 27. Rae1 Rae8 28. f5 Bd7 29. Nc4 Qf6 30. fxg6+ fxg6 {( -> ...Qf2+)} 31. Rxe8 $4 {[%mdl 8192] [#]} (31. Nf3 $17) 31... Qf2+ {Accuracy: White = 50%, Black = 66%.} ({Weaker is} 31... Rxe8 32. Rxe8 Bxe8 33. Qe3 $17) 0-1

[Event "Irish Championship 2020"]
[Site "Dublin"]
[Date "2020.08.02"]
[Round "1.12"]
[White "Putar, Leon"]
[Black "Murray, David"]
[Result "1/2-1/2"]
[WhiteElo "1894"]
[BlackElo "2152"]
[Annotator "TA"]
[PlyCount "117"]
[EventDate "2020.08.01"]
[EventType "swiss"]
[EventCountry "IRL"]
[SourceTitle "playchess.com"]
[Source "ChessBase"]
[SourceQuality "1"]

{[%evp 9,117,0,0,0,0,-3,8,-12,-17,-37,-37,-42,-43,-43,34,25,81,55,85,59,66,77,84,0,0,2,9,0,0,0,0,0,-3,-14,0,0,0,0,0,0,0,0,0,0,0,0,0,0,0,0,0,0,0,-10,-10,-10,0,0,0,0,0,0,0,0,0,0,0,-4,0,-4,0,0,16,0,9,0,0,0,0,0,0,0,0,0,0,0,0,0,0,0,0,0,0,0,0,0,0,0,0,0,0,0,0,0,0,0,0,0,0,0]} 1. e4 c5 2. Nf3 d6 3. c3 Nf6 4. h3 Nc6 5. Bd3 d5 6. exd5 {B50: Sicilian: 2...d6, Miscellaneous.} Qxd5 7. Qe2 Bf5 (7... e6 {looks sharper.} 8. O-O Be7 9. Bc2 O-O 10. Rd1 Qh5) 8. Bxf5 (8. Bc4 $5 {[%cal Rc4d5]} Qd7 9. d4 cxd4 10. Nxd4 $11) 8... Qxf5 9. d4 cxd4 10. Nxd4 Nxd4 11. cxd4 Qd5 ({Black should play} 11... e6 $15) 12. O-O $14 {[#]} Qxd4 $146 (12... g6 $11 {remains equal.}) ({Predecessor:} 12... Rd8 13. Nc3 Qc6 14. Be3 Nd5 15. Rac1 e6 16. Qb5 Qxb5 17. Nxb5 Bb4 18. Nc7+ Ke7 19. Nxd5+ Rxd5 {½-½ (33) Tuovinen,J-Nyback,T (2141) Vantaa 2000}) 13. Rd1 $16 Qe4 {[#]} 14. Be3 $1 {Nc3 is the strong threat.} e6 $1 15. Nc3 Qe5 {[#]} 16. Qb5+ ({Better is} 16. Qd3 $1 $16) 16... Qxb5 $11 {The position is equal.} 17. Nxb5 {Intending Nc7+ and mate.} Nd5 18. Rxd5 exd5 19. Nc7+ Kd7 20. Nxa8 Bd6 21. Rd1 Rxa8 22. Rxd5 {[%mdl 4096] Endgame And now Bf4 would win. KRB-KRB} Ke6 23. Rd2 b5 (23... a5 {seems wilder.} 24. Kf1 g6 25. a4 Rc8 26. Re2 Kd5) 24. Rc2 Kd5 25. Kf1 a6 26. Rd2+ Ke6 27. Rc2 Be5 28. g4 g6 29. f4 Bd6 30. Ke2 f5 31. b3 Kd7 32. Kf3 Re8 33. gxf5 gxf5 34. Rg2 Ke6 35. Rg7 Rc8 36. Ra7 Rc6 37. Bd4 Kd5 38. Bh8 Bc7 39. h4 a5 40. h5 Rc2 41. h6 Rc6 42. Ba1 Rc1 43. Bh8 Rf1+ 44. Kg2 Rf2+ 45. Kg3 Rc2 46. Kf3 b4 47. Be5 Bxe5 48. fxe5 ({Avoid the trap} 48. Rxa5+ $2 Rc5 $19) 48... Kxe5 49. Rxh7 {KR-KR} Kf6 50. Ra7 Rxa2 51. Kg3 {White threatens h7 and mate.} Rd2 52. h7 Rd8 $1 53. Rxa5 Rd3+ 54. Kf4 Kg7 55. Ra7+ Kh8 56. Kxf5 Rxb3 57. Kg6 {[%cal Ra7a8]} Rg3+ 58. Kh6 {Threatening mate with Ra8+.} Rh3+ 59. Kg6 {Accuracy: White = 98%, Black = 94%.} 1/2-1/2